Истина и справедливость: размышления о нравственно-философских аспектах проблемы

Podrobná bibliografie
Hlavní autor: Печенев В. А.
Jazyk:ruština
Vydáno: Москва, Политиздат, 1989
Témata:
Médium: MixedMaterials Kniha
KOHA link:https://koha.lib.tpu.ru/cgi-bin/koha/opac-detail.pl?biblionumber=252784

MARC

LEADER 00000nam0a2200000 4500
001 252784
005 20231031214041.0
010 |a 5250006728 
020 |a RU  |b 89-23683 
035 |a (RuTPU)RU\TPU\book\275139 
090 |a 252784 
100 |a 20140305d1989 k y0rusy5003 ca 
101 0 |a rus 
102 |a RU 
105 |a y z 000zy 
200 1 |a Истина и справедливость: размышления о нравственно-философских аспектах проблемы  |f В. А. Печенев 
210 |a Москва  |c Политиздат  |d 1989 
215 |a 256 с. 
606 1 |a Социальная справедливость  |2 stltpush  |3 (RuTPU)RU\TPU\subj\55672 
610 1 |a истина 
610 1 |a общественная жизнь 
610 1 |a нравственно-философский смысл 
610 1 |a социализм 
610 1 |a мораль 
610 1 |a наука 
686 |a Ю633.3  |v LBC/SL-A  |2 rubbk 
700 1 |a Печенев  |b В. А.  |4 070 
801 0 |a RU  |b RuMRKP  |c 19950417  |g psbo 
801 1 |a RU  |b 63413507  |c 20140305 
801 2 |a RU  |b 63413507  |c 20181122  |g RCR 
942 |c BK